Statistics for Jeopardy #8588

Click here to take the quiz!

General Stats

  • This quiz has been taken 55 times
  • The average score is 10 of 61

Answer Stats

CategoryCashClueAnswer% Correct
ONE-SYLLABLE CITIES$400This Swiss capital lies on the Aare RiverBern
86%
ONE-SYLLABLE CITIES$600As the Coriolis force moves counterclockwise, afternoon brings a sea breeze called the Freemantle Doctor to this Western Australia capitalPerth
69%
ONE-SYLLABLE CITIES$800We doff our caps to this metropolis, the oldest of Morocco's 4 imperial citiesFez
50%
COMPLETE THE OPERA TITLE$200Mozart: "The ____ Flute"Magic
50%
FITS & STARTS$600Merriam-Webster defines one of these as "a fledgling business enterprise"a start-up
47%
ONE-SYLLABLE CITIES$200This city of 10 million hosted the 1988 Summer OlympicsSeoul
44%
FITS & STARTS$400The Luxe & the Ace 3 are wearable trackers from this brandFitbit
42%
THE MAN IN THE DIRECTOR'S CHAIR$600In 2012 he got back into "The Hobbit" of making trilogiesPeter Jackson
39%
"WISE" WORDS$400Familiar with life in an urban environment, especially along its avenues & boulevardsstreetwise
39%
YOU CAN SET YOUR CALENDAR BY IT$400Often confused with locusts, these insects occur in chronological broods of 13 & 17 yearscicadas
36%
YOU CAN SET YOUR CALENDAR BY IT$200With more job security than some, U.S. senators have to face reelection after this many years in officesix
36%
THE MAN IN THE DIRECTOR'S CHAIR$200In 2009 he shot a documentary of "Kobe Doin' Work"; c'mon, do the right thing & name himSpike Lee
36%
"WISE" WORDS$10003-word phrase meaning no smarter or unaware, as in "I borrowed his astrolabe when he wasn't looking & he's" thisnone the wiser
33%
"WISE" WORDS$200Proverbially, it can be a tough way to "get a word in"edgewise
31%
FAMOUS PERES$400This "Sun King" had 6 kids with wife Marie-Thérèse but fathered more than a dozen kids without,wife Marie-ThérèseLouis XIV
28%
FITS & STARTS$200Forrest Mars Sr. made a sweet start selling these candies in 1941M&Ms
28%
ACRONYMS$400POTUS: an elected officialPresident of the United States
25%
FITS & STARTS$1000F.I.T. can stand for this college of design in New York Citythe Fashion Institute of Technology
25%
THE MAN IN THE DIRECTOR'S CHAIR$8001999's "Eyes Wide Shut" was his last effort; sadly, he did not make it to 2001Stanley Kubrick
22%
"WISE" WORDS$600A gangster, or a 1980s TV show about agent gone deep undercover Vinnie Terranovawiseguy
22%
COMPLETE THE OPERA TITLE$400Wagner: "____ und Isolde"Tristan
19%
"WISE" WORDS$800To do a thing in the same manner as someone else is to do thislikewise
17%
"M"EDICINE$400The American Cancer Society recommends this screening yearly for women aged 45 to 54a mammogram
14%
ROAD TRIP$400The Blue Ridge Parkway connects the Great Smoky Mountains National Park with this state's Shenandoah National ParkVirginia
14%
ACRONYMS$1200It's used to promote retail sales: BOGOFbuy one, get one free
11%
FAMOUS PERES$800This artist had 8 children, including Emile, whose mother was a Tahitian womanGauguin
11%
FITS & STARTS$800A green flag at 12:47 P.M. on May 30 signaled the start of the 2021 running of this racethe Indianapolis 500
11%
ROAD TRIP$800A network of ancient European trade routes is named for this fossilized resin carried over themamber
8%
YOU CAN SET YOUR CALENDAR BY IT$600Every 100 years this fictitious Scottish village becomes visible for a single dayBrigadoon
8%
THE MAN IN THE DIRECTOR'S CHAIR$400This 1990s Oscar winner studied physics at Cal State FullertonJames Cameron
8%
THE MAN IN THE DIRECTOR'S CHAIR$1000Seen in an actual director's chair, he was famous for making Westerns, but won four Oscars in other genres, like for "The Informer"John Ford
8%
BOOKS WITHIN BOOKS$800In this author's "A Fault in Our Stars", Hazel is mesmerized while reading "An Imperial Affliction"(John) Green
8%
ONE-SYLLABLE CITIES$1000Home to the largest religious college in Iran, this city was the base of Ayatollah Khomeini before & after his exileQom
8%
ACRONYMS$800BIPOC: an umbrella term for certain humansBlack, Indigenous, & People of Color
6%
FAMOUS PERES$1600Jean-ichel, son of this undersea explorer, founded Ocean Futures Society in 1999 "to honor his heritage"Cousteau
6%
BOOKS WITHIN BOOKS$400The "Amazing Amy" series of books is oft-mentioned in this thriller from Gillian FlynnGone Girl
6%
COMPLETE THE OPERA TITLE$800Offenbach: "The Tales of ____"Hoffman
6%
ART MUSEUMSN/ABefore its 1959 opening, 21 artists protested its design, saying it would make paintings look tilted & askewthe Guggenheim
6%
ROAD TRIP$2000This ancient Greek historian wrote, "Neither snow, nor rain, nor heat, nor gloom of night" stopped messengers on the royal roadHerodotus
3%
HER EMMY-WINNING ROLE$800Her in 2010 for playing sue Sylvester on "Glee"Jane Lynch
3%
"M"EDICINE$800Required vaccines before entering college may include a menACWY, to protect against thismeningitis
3%
"M"EDICINE$1200The primary type of this is without aura & may include sensitivity to lightmigraine
3%
YOU CAN SET YOUR CALENDAR BY IT$1000Each March swallows return to nest in the Great Stone Church, part of this Southern California missionSan Juan Capistrano
3%
BOOKS WITHIN BOOKS$1200"Don't Panic" is on the cover of this title reference book that says towels are "massively useful" for space travelThe Hitchhiker\'s Guide to the Galaxy
3%
ROAD TRIP$1600The Trans-Canada Highway runs almost 5,000 miles from St. John's in the east to this Vancouver island city in the westVictoria
3%
ACRONYMS$1600The mnemonic Roy G. BIV: just Roy's last nameblue indigo violet (battle in vain)
0%
COMPLETE THE OPERA TITLE$600Gluck: "Orfeo ed ____"Euridice
0%
FAMOUS PERES$2000Last name of govt. worker Jean-Christophe, called "Papa-Told-Me" for always dropping president--& dad--François' name(François) Mitterrand
0%
HER EMMY-WINNING ROLE$2000Veteran standup comic Deborah Vance on "Hacks", a role she plays "brilliantly"Jean Smart
0%
HER EMMY-WINNING ROLE$1600Back in 1995 she won as "ER" nurse Carol HathawayJulianna Margulies
0%
HER EMMY-WINNING ROLE$1200This actress as Madame Delphine LaLaurie on "American Horror Story: Coven"Kathy Bates
0%
COMPLETE THE OPERA TITLE$1000Donizetti: "Lucia di ____"Lammermoor
0%
HER EMMY-WINNING ROLE$400Ann-Margret, Ellen Burstyn & Cynthia Nixon, all for guest appearances on this crime dramaLaw & Order: SVU
0%
ACRONYMS$2000Mexican president AMLO: just Andres Manuel's last 2 namesLópez Obrador
0%
YOU CAN SET YOUR CALENDAR BY IT$800Every 11 years or so the Sun goes through a solar cycle where these flip, affecting sunspot activitymagnetic fields (magnetic poles)
0%
"M"EDICINE$2000As the fellow here was king of Spain, you would keep quiet about the underbite, a class III "this" mandibular misalignmentmalocclusion
0%
"M"EDICINE$1600Multiple sclerosis attacks this sheath around nerve fibers, affecting movement & sensationmyelin sheath
0%
FAMOUS PERES$1200Père refers to a priest, not a dad, in the name of this cemetery where Georges Bizet & Marcel Proust restPère Lachaise
0%
ROAD TRIP$1200Vital during World War II, this road runs from Kunming, China to Lashio in Myanmarthe Burma Road
0%
BOOKS WITHIN BOOKS$2000Called "Al Azif" in Arabic, this book in H.P. Lovecraft's stories can cause insanity in readersthe Necronomicon
0%
BOOKS WITHIN BOOKS$1600In a Michael Ende tale, young Bastian steals this title book & reads of Atreyu & the world of FantasticaThe Neverending Story
0%

Score Distribution

Percentile by Number Answered

Percent of People with Each Score

Your Score History

You have not taken this quiz